000
00288nam a2200121Ia 4500
008
140130s9999 xx 000 0 und d
245
_c
Johnson, Jennifer
_a
What a princess!
260
_b
Scholastic,
_c
2006
440
_v
1
521
_a
Grade 1 - Grade 2
942
_c
BK
999
_c
40254
_d
40254